00241nam a2200085Ia 450000100070000000500170000700800410002424500490006526000410011477009520250826165650.0250824s9999 xx 000 0 und d 0aDÜNYANIN MERKEZİNE YOLCULUKcJULES VERNE bTÜRKİYE İŞ BANKASI YAYINLARI